| 000 | 00541nam a2200169Ia 4500 | ||
|---|---|---|---|
| 003 | GCL | ||
| 008 | 140319s9999 xx 000 0 ara d | ||
| 040 |
_aGCL / _cGCL |
||
| 082 | 0 | 4 |
_a811.9 _bح م |
| 100 | 1 | _aحسن بيومى | |
| 245 | 1 | 0 |
_aمذكرات شاهد عيان (هدية من الاديب عبدالفتاح الجمل) / _cحسن بيومى |
| 300 | _a155 ص | ||
| 490 | _a | ||
| 650 | 0 | 4 | _aالشعر العربى - دواوين وقصائد |
| 650 | 0 | 4 | _aالشعر العربى - العصر الحديث |
| 942 |
_2ddc _cBK |
||
| 999 |
_c40029 _d40029 |
||